Statistics for Super Smash Bros. Fan Roster V2

Click here to take the quiz!

General Stats

  • This quiz has been taken 22 times
  • The average score is 120 of 154

Answer Stats

SeriesCharacter#DescriptionFirst Appearance% Correct
Super Mario Bros.Bowser4The main antagonist of the Mario franchise. He can breath fire and is also known as King Koopa.Super Mario Bros.
100%
Super Mario Bros.Dr. Mario1eA character that became popular because of Super Smash Bros. He first appeared in Dr. Mario and after that in Super Smash Bros. Melee where he really became popular.Dr. Mario
100%
Super Mario Bros.Dry Bowser4eThe skeleton version of Bowser. After he fell into the sea of lava in his castle, Kamek revives him as this.New Super Mario Bros.
100%
Super Mario Bros.Luigi2The 2nd player of the Mario series. He's always picked second and starred in his own series of games, Luigi's Mansion. He even had his own year.Super Mario Bros.
100%
Super Mario Bros.Mario1The mascot of Nintendo. He starred in one of Nintendo's first successes, Super Mario Bros., where he rescues the princess from the evil King Koopa.Donkey Kong
100%
Super Mario Bros.Princess Daisy3eThe princess of Sarasaland.Super Mario Land
100%
Super Mario Bros.Princess Peach3The princess of the Mushroom Kingdom.Super Mario Bros.
100%
Star FoxSlippy Toad54The green frog of the Star Fox crew.Star Fox
100%
Super Mario Bros.Toad5One of the main inhabitants of the Mushroom Kingdom.Super Mario Bros.
100%
Super Mario Bros.Toadette5eA female pink Toad and can turn into Peachette.Mario Kart: Double Dash!!‎
100%
WarioWareWario14The creator of WarioWare and also a usual character in the Mario sports and party games.Super Mario Land 2: 6 Golden Coins
100%
Yoshi's IslandBaby Mario & Baby Luigi12The pair of babies are from the past and are versions of Mario and Luigi.Super Mario World 2: Yoshi's Island
94%
Super Mario Bros.Bowser Jr.6Bowser's son who can turn into Shadow Mario and has a paint brush.Super Mario Sunshine
94%
Donkey Kong CountryDonkey Kong16The main protagonist of the Donkey Kong Country series.Donkey Kong
94%
The Legend of ZeldaGanondorf22The main antagonist of the Legend of Zelda series.The Legend of Zelda
94%
Super Mario Bros.King Boo11The king of all Boo's and stars as the main antagonist of Luigi's Mansion.Luigi's Mansion
94%
Donkey Kong CountryKing K. Rool19The main antagonist of the Donkey Kong Country series.Donkey Kong Country
94%
Kirby Super StarKirby29The main protagonist of Kirby.Kirby's Dream Land
94%
The Legend of ZeldaLink20The main protagonist of The Legend of Zelda series.The Legend of Zelda
94%
Super Mario Bros.Princess Rosalina & Luma7The princess from Mario Galaxy and her companion star.Super Mario Galaxy
94%
The Legend of ZeldaPrincess Zelda21The princess of Hyrule.The Legend of Zelda
94%
The Legend of ZeldaSheik23A ninja that's secretly Zelda in disguise.The Legend of Zelda: Ocarina of Time
94%
The Legend of ZeldaToon Zelda25The toon version of Zelda.The Legend of Zelda: The Wind Waker
94%
Yoshi's IslandYoshi8Mario's "pet" and bestfriend. He took care of Mario when he was a baby.Super Mario World
94%
The Legend of ZeldaYoung Link20eThe young version of Link.The Legend of Zelda: Ocarina of Time
94%
F-ZeroCaptain Falcon74The main protagonist of F-Zero.‎F-Zero
89%
PokemonCharizard43The final of the trio for the Kanto Pokemon Trainer. It's the final evolution of Charmander and can fly.Pokemon Red & Blue
89%
Fire EmblemChrom61eThe father of Lucina. He travels with Robin helping him along the way.Fire Emblem Awakening
89%
MetroidDark Samus34eThe evil version of Samus.Metroid Prime 2: Echoes
89%
Donkey Kong CountryDiddy Kong17Donkey Kong's best friend.Donkey Kong Country
89%
Donkey Kong CountryDixie Kong18Diddy Kong's girlfriend and also star of Donkey Kong Country 3.Donkey Kong Country 2: Diddy's Kong Quest
89%
Star FoxFalco Lombardi53The blue bird of the Star Fox crew.Star Fox
89%
Star FoxFox McCloud52The main protagonist of Star Fox.Star Fox
89%
Donkey Kong CountryFunky Kong16eThe surfboarding epic Kong that owns a shop in Tropical Freeze but also a playable character in the Switch version.Donkey Kong Country
89%
Super Mario Bros.Gooigi2eA goo version of Luigi. He can slip through drains because he's made out of goo.Luigi's Mansion 3
89%
Fire EmblemIke61The main hero of Path of Radiance. He was first added to Smash Bros. in Brawl and has been a main stay since.Fire Emblem: Path of Radiance
89%
PokemonJigglypuff39It puts it's enemies to sleep. It's a first generation Pokemon and was the main way to include female Pokemon hats.Pokemon Red & Blue
89%
Yoshi's IslandKamek13Bowser's caretaker since he was a baby.Super Mario World 2: Yoshi's Island
89%
Kirby Super StarKing Dedede30Sometimes a friend to Kirby, he's a large penguin with a giant hammer and serves as an antagonist.Kirby's Dream Land
89%
Fire EmblemLucina58ePretending to be Marth, she helps the heroes in Awakening before joining them and revealing that he is the daughter of Chrom.Fire Emblem Awakening
89%
Fire EmblemMarth58The most recognizable Fire Emblem character and was the main protagonist of the first Fire Emblem game ever. He wields the Falchion, which all of his ancestors carry.Fire Emblem: Shadow Dragon and the Blade of Light
89%
Mega ManMega Man95He's the main protagonist of the Mega Man series.Mega Man
89%
Kirby Super StarMeta Knight31The masked anti-hero of the Kirby universe.Kirby's Adventure
89%
Pac-ManPac-Man97The main protagonist of Pac-Man.Pac-Man
89%
PokemonPichu38eThe preevolution of Pikachu. Every electricic move it uses causes damage to itself.Pokemon Gold & Silver
89%
PokemonPikachu38The mascot of the Pokemon franchise. It has a heart shaped tail if it's female and uses electricity to beat it's foes.Pokemon Red & Blue
89%
Super Mario Bros.Piranha Plant9The free DLC character in Smash Ultimate and is often considered a joke charactter.Super Mario Bros.
89%
MetroidRidley36The main antagonist of the Metroid series.Metroid
89%
R.O.B.R.O.B.83The toy robot that joined Smash in Brawl as the Ancient Minister and a playable fighter.Gyromite
89%
Fire EmblemRobin63A mage that is the main protagonist of Fire Emblem Awakening.Fire Emblem Awakening
89%
Fire EmblemRoy59He is the son of Eliwood and Lycia. He is the main hero of The Binding Blade but first appeared in Super Smash Bros. Melee to promote his game.Super Smash Bros. Melee
89%
MetroidSamus Aran34The main hero of the Metroid franchise with her power suit on.Metroid
89%
The Legend of ZeldaSkull Kid27The kid with the Skull Mask. He appears as the main antagonist of Majora's Mask.The Legend of Zelda: Majora's Mask
89%
PokemonSquirtle41The first of the trio of the original Pokemon Trainer. It's the first evolution water starter from Kanto and uses it's shell to protect istelf.Pokemon Red & Blue
89%
The Legend of ZeldaToon Ganondorf22eThe toon version of Ganondorf.The Legend of Zelda: The Wind Waker
89%
The Legend of ZeldaToon Link24The cartoonish version of Link and the hero of Wind Waker.The Legend of Zelda: The Wind Waker
89%
Yoshi's IslandYarn Yoshi8eA yarn version of Yoshi.Yoshi's Woolly World
89%
MetroidZero Suit Samus35Samus without her power suit.Metroid
89%
MinecraftAlex101eThe secondary protagonist of Minecraft and is female.Minecraft
83%
Sonic the HedgehogAmy Rose93Sonic's pink friend with the large hammer.Sonic the Hedgehog CD
83%
WarioWareAshley15A witch in the WarioWare series.WarioWare: Touched!
83%
Banjo & KazooieBanjo & Kazooie103It's the duo that joined Smash Bros. Ultimate as the 3rd DLC character from the 1st Fighter's Pass.Banjo & Kazooie
83%
BayonettaBayonetta110The main protagonist of the Bayonetta series.Bayonetta
83%
Fire EmblemByleth65The main protagonist of Fire Emblem Three HousesFire Emblem Three Houses
83%
Final FantasyCloud Strife113The main protagonist of Final Fantasy VII.Final Fantasy VII
83%
Fire EmblemCorrin64The main protagonist of Fire Emblem Fates and is half-dragon.Fire Emblem Fates
83%
Crash BandicootCrash Bandicoot105The main protagonist of Crash Bandicoot.Crash Bandicoot
83%
Kid IcarusDark Pit67ethe dark version of Pit.Kid Icarus: Uprising
83%
PokemonDragonite43eIt's the main dragon type of gen 1.Pokemon Red & Blue
83%
Sonic the HedgehogDr. Eggman91The main antagonist of the Sonic series.Sonic the Hedgehog
83%
Duck HuntDuck Hunt82This duo is a throw back to the classic game Duck Hunt and had there smash debut in Smash 4.Duck Hunt
83%
Ice ClimbersIce Climbers78A pair of climbers in Ice Climbers from the NES.Ice Climbers
83%
PokemonIncineroar47The final evolution of Litten. It is very good at wrestling and bases most of it's moves on that.Pokemon Sun & Moon
83%
SplatoonInkling87The first character revealed for Smash Ultimate and the main protagonist of Splatoon.Splatoon
83%
Animal CrossingIsabelle76eIsabelle helps the mayor in Animal Crossing: New Leaf.Animal Crossing: New Leafx
83%
PokemonIvysaur42The 2nd of the trio for the Pokemon Trainer. It's the second evolution of Bulbasaur.Pokemon Red & Blue
83%
PersonaJoker99The main protagonist of Persona 5.‎Persona 5
83%
Street FighterKen109eThe original "clone" character.Street Fighter
83%
Star FoxKrystal57She's a vixen with a staff and is a part of the Star Fox crew.Star Fox Adventures
83%
Punch Out!!Little Mac81The main protagonist and playable character in the Punch Out series.Punch Out!!
83%
PokemonLucario45A blue aura based pokemon from gen 5.Pokemon Diamond & Pearl
83%
MotherLucas72The main protagonist of Mother 3.Mother 3
83%
Super Smash Bros.Master Hand119The main boss of the original Smash Bros.Super Smash Bros.
83%
PokemonMewtwo44Considered the main antagonist of the Pokemon series. He was created in a lab by Team Rocket.Pokemon Red & Blue
83%
Super Smash Bros.Mii Brawler116A customizable fighter trained by the player. This is the brawler class.Super Smash Bros. 4 3DS
83%
Super Smash Bros.Mii Gunner117A customizable fighter trained by the player. This is the gunner class.Super Smash Bros. 4 3DS
83%
Super Smash Bros.Mii Swordfighter118A customizable fighter trained by the player. This is the swordfighter class.Super Smash Bros. 4 3DS
83%
Pac-ManMs. Pac-Man97ePac-Man's wife and echo fighter.Ms. Pac-Man
83%
MotherNess71He is the psychic kid from Earthbound.Earthbound
83%
Kid IcarusPalutena68The goddess that helps Pit.Kid Icarus
83%
Ace AttorneyPhoenix Wright106The main protagonist and attorney from the Phoenix Wright: Ace Attorney series.Phoenix Wright: Ace Attorney
83%
Kid IcarusPit67He is the main protagonist of Kid Icarus.Kid Icarus
83%
MotherPorky73An antagnist of Earthbound and has spiderlegs on his mech.Earthbound
83%
Super Mario Bros.Professor E. Gadd10The friend of Luigi who gives him his Poltergeist 3000.Luigi's Mansion
83%
CastlevaniaRichter Belmont98eThe main protagonist of Castlevania: Rondo of Blood.Castlevania: Rondo of Blood
83%
Street FighterRyu109The main protagnist fo Street Fighter. He was heavily requested in Super Smash Bros. 4.Street Fighter
83%
Sonic the HedgehogShadow the Hedgehog92An anti-hero of the Sonic series and a heavily requested character that usually turns out to be a assist trophy.Sonic Adventure 2
83%
Xenoblade ChroniclesShulk84The main Protagonist of Xenoblade Chronicles.Xenoblade Chronicles
83%
CastlevaniaSimon Belmont98The main protagonist of Castlevania.Castlevania
83%
Metal GearSolid Snake96The first 3rd party character in Smash.Metal Gear
83%
Sonic the HedgehogSonic the Hedgehog90The main protagonist of the Sonic series.Sonic the Hedgehog
83%
MinecraftSteve101The main protagonist of Minecraft.Minecraft
83%
Sonic the HedgehogTails94His real name is Miles Prower with his nickname being what everyone calls him. He's Sonic's sidekick and can fly and is an engineer.Sonic the Hedgehog
83%
Fatal FuryTerry Bogard111He was added to Super Smash Bros. Ultimate as the 4th DLC fighter.Fatal Fury: King of Fighters
83%
Animal CrossingTom Nook77The greedy salesman from Animal Crossing that sells you your house.Animal Crossing
83%
Animal CrossingVillager76The main protagonist of Animal Crossing.Animal Crossing
83%
Star FoxWolf O'Donnell56The main antagonist of Star Fox after Andross.Star Fox 64
83%
Super Smash Bros.Crazy Hand119eThe secondary boss since Smash Melee along with Master Hand.Super Smash Bros. Melee
78%
Punch Out!!Glass Joe81eThe weakest of the Punch Out bosses. He's usually used as the tutorial boss.Punch Out!!
78%
SplatoonOctoling87eA villainous octopus that challenges the Inkling's during the campaign.Splatoon
78%
Star FoxPeppy Hare55The grey rabbit of the Star Fox crew.Star Fox
78%
ArmsRibbon Girl88eOne of the two main characters of Arms and is an Mii Costume in Smash Bros. Ultimate.Arms
78%
ArmsSpring Man88One of the two main characters of Arms and is an assist trophy in Smash Bros. Ultimate.Arms
78%
Spyro the DragonSpyro the Dragon104The main protagonist of Spyro the Dragon and Skylanders.Spyro the Dragon
78%
Kid IcarusViridi70She is the vengeful goddess of nature.Kid Icarus: Uprising
78%
Wii FitWii Fit Trainer80They are the trainers from Wii Fit.Wii Fit
78%
F-ZeroBlood Falcon74eAn evil version of Captain Falcon.F-Zero X
72%
Kirby Super StarDark Meta Knight31eHe is the dark version of Meta Knight.Kirby & The Amazing Mirror
72%
The Legend of ZeldaImpa28She protects Zelda and takes orders from her. She is also apart of the Sheikah Tribe.The Legend of Zelda
72%
MetroidKraid37He's a three-eyed reptile that serves as an antagonist and boss.Metroid
72%
Fire EmblemLyn62She is a female protagonist in Fire Emblem Blazing Blade and has been an assist trophy in Brawl to Ultimate.Fire Emblem: The Blazing Blade
72%
Kirby Super StarMarx32The main villain of Kirby Super Star.Kirby Super Star
72%
Game & WatchMr. Game & Watch79A throw-back character to the Game & Watch from 1980.Super Smash Bros. Melee
72%
MotherNinten71eThe main protagonist of Mother.Mother
72%
Xenoblade ChroniclesRex & Pyra85This duo are two characters from Xenoblade Chronicles 2. One is the main protagonist.Xenoblade Chronicles 2
72%
The Legend of ZeldaTetra26The pirate from Wind Waker that helps Link.The Legend of Zelda: The Wind Waker
72%
OverwatchTracer112She can turn back time and stars as one of the many heroes you can use in Overwatch.Overwatch
72%
Ace AttorneyApollo Justice106eHe's Phoenix Wright's mentee. He stars in his own game and learns from Phoenix.Apollo Justice: Ace Attorney
67%
PokemonGrookey49The first evolution grass starter and evolves into Rillaboom. It is the first of the 3 different pokemon gen 8 Pokemon Trainer uses.Pokemon Sword & Shield
67%
PokemonSceptile48The final evolution grass starter from gen 3. It can use leaf blade and mega evolves for it's final smash.Pokemon Ruby & Sapphire
67%
PokemonOshawott41eThe first evolution water starter from gen 5. It rides a wave of water to attack it's foes.Pokemon Black & White
61%
PokemonCinderace51The final evolution of Scorbunny from Galar and is very soccer themed. It rides a giant flaming ball during it's final smash. The final Pokemon of the Pokemon Trainer from Galar.Pokemon Sword & Shield
56%
Kid IcarusEggplant Wizard69He turns people into eggplants.Kid Icarus
56%
Dragon QuestLuminary102The main protagonist of Dragon Quest XI.Dragon Quest XI
56%
The Legend of ZeldaPrincess Hilda21eShe is a darker version of Zelda that stars in Link Between Worlds.The Legend of Zelda: Link Between Worlds
56%
Kirby Super StarRick33The hamster that helps Kirby on his adventure.Kirby's Dream Land 2
56%
Kirby Super StarPrince Fluff29eA yarn prince that helps Yarn Kirby on his adventure.Kirby's Epic Yarn
50%
F-ZeroSamurai Goroh75The main antagonist of F-Zero.F-Zero
50%
PokemonGreninja46A blue ninja with a long pink tounge. He is also the final evolution of Froakie from gen 6.Pokemon X & Y
44%
Nintendo LaboNintendo Labo Man89The man from Nintendo Labo.Nintendo Labo
44%
Fire EmblemCelica63eShe is also a mage and is one of the main protagonists in Gaiden and Shadows of Valentia.Fire Emblem: Gaiden
39%
Fire EmblemEliwood59eHe is one of the main protagonists of Fire Emblem: The Blazing Blade and also Roy's father.Fire Emblem: The Binding Blade
39%
DanganronpaMonokuma107The main antagonist of all 3 Danganronpa games.Danganronpa: Trigger Happy Havoc
33%
PersonaPanther100A girl in a cat outfit with a whip. She's one of the party members in Persona 5.‎Persona 5
33%
Fire EmblemCaeda60The wife of Marth, she rides her pegasus and helps Marth on his journeys.Fire Emblem: Shadow Dragon and the Blade of Light
28%
PokemonDrizzle50The second evolution water starter from the 8th generation. It is the second of three pokemon used by the Galarian Pokemon Trainer.Pokemon Sword & Shield
28%
Xenoblade ChroniclesFiora86She is one of the seven playable characters in Xenoblade Chronicles yet not being the protagonist.Xenoblade Chronicles
28%
PokemonPokemon Trainer (Galar)40e / 49-51The 8th generation Pokemon Trainer. He / she uses 3 different pokemon.Pokemon Sword & Shield
28%
PokemonPokemon Trainer (Kanto)40 / 41-43The 1st generation Pokemon Trainer. He / she uses 3 different pokemon.Pokemon Red & Blue
28%
Star Wars BattlefrontIden Versio108The main protagonist of the Star Wars Battlefront II campaign. She doesn't come with anything else other then her because nonvideo game assets like Stormtroopers are banned.Star Wars Battlefront II
22%
Super Smash Bros.Random120???Super Smash Bros.
22%
Fire EmblemItsuki Aoi66The main protagonist of the spinoff Tokyo Mirage Sessions ♯FE.Tokyo Mirage Sessions ♯FE
17%
Sushi StrikerMusashi114The main protagonist of Sushi Striker.Sushi Striker: The Way of Sushido
11%
Octopath TravelerCyrus Albright115He is a professor and one of the 8 protagnists in Octopath Traveler.Ocopath Traveler
6%

Score Distribution

Percentile by Number Answered

Percent of People with Each Score

Your Score History

You have not taken this quiz